00621nam a2200205 a 4500008004100000020001500041050001500056100002200071245009200093250001300185260005200198300003300250504004100283500002000324650002000344700002400364003000100388005001700389040000900406  a013045754x00aHG4523 FAB1 aFabozzi, Frank J.10aCapital markets :binstitutions and instruments /cFrank J. Fabozzi, Franco Modigliani. a3rd, ed. aEnglewood Cliffs, N.J. :bPrentice Hall,c2003. axi, 643 p. :bill. ;c25 cm. aIncludes bibliographical references. aIncludes index. 0aCapital market.1 aModigliani, Franco.20230123134303.0 cNUST